William Eggleston's Guide

Uloženo v:
Podrobná bibliografie
Hlavní autor: Eggleston, William, 1939- (Autor)
Korporativní autor: Museum of Modern Art (New York, N.Y.)
Další autoři: Szarkowski, John (essay)
Médium: Kniha
Vydáno: New York, USA ; Museum of Modern Art ; 2002.
Vydání:Second edition.
Témata:
Tagy: Přidat tag
Žádné tagy, Buďte první, kdo vytvoří štítek k tomuto záznamu!

MARC

LEADER 00000cam a22000001i 4500
001 2252639
003 CL-VaPUC
005 20250407202455.0
008 250319t20020-0 ||||| |||| 00| 0 eng d
999 |c 447477  |d 447475 
010 |a  77358661  
020 |a 978-0-87070-378-2 
040 |a DLC  |c Pontificia Universidad Católica de Valparaíso  |d DLC 
050 0 0 |a TR654  |b .E35 
082 0 7 |a 779.0924 EGG 2002  |2 22  
100 1 |a Eggleston, William,  |d 1939-  |e author  |9 897164 
240 1 0 |a Guide 
245 1 0 |a William Eggleston's Guide  
250 |a Second edition.  
260 |a New York, USA ;  |b Museum of Modern Art ;  |c 2002. 
300 |a 110 p. :  |b ilustraciones. 
500 |a c.1. Instituto Arcos 8-1-2025. 
583 |c 20250319  |k GC 
650 0 |a Fotografía artística   |9 897165 
700 1 |a Szarkowski, John.  |e essay  |9 897166 
710 2 |a Museum of Modern Art (New York, N.Y.)  |9 897167 
942 |2 ddc  |c BK  |n 0 
952 |0 0  |1 0  |2 ddc  |4 0  |6 779_092400000000000_EGG_2002  |7 0  |8 A  |9 601554  |a BIBINC  |b BIBINC  |d 2025-03-19  |e Instituto Arcos   |i 5666414  |o 779.0924 EGG 2002  |p 5666414  |r 2025-03-19  |t 1  |w 2025-03-19  |y BK  |k IFP